000 00693na a2200229 4500
001 18571
003 MIRAKIL
005 20181213155039.0
008 161122b tu 000 0
040 _aMilas
_btur
_cTR-AnCHP
041 _atur
082 _a345.0264
_bD35t 1998
090 _a345.0264 D35t 1998
100 _aDemirer, Gürtan
245 _aTürk ceza yasasındaki ve özel yasalardaki ağır ceza davaları
_cGürtan Demirer
260 _aİskenderun
_b[yayl.y.]
_c1998
_fGörüntü Gazetecilik
300 _a120 s.
_c24 sm.
500 _aYapıt yazarından imzalıdır.
650 _aAğır ceza mahkemeleri
_xDavalar
650 _aCeza hukuku
_xDavalar
942 _2ddc
_cBKS
999 _c5530
_d5530